Tư duy phá cách : 50 câu đố luyện tập não bộ giúp bạn hình thành

Tuyển tập 50 câu đố từ dễ đến khó giúp bạn rèn luyện tư duy phá cách, tìm ra cách thức mới để giải quyết vấn đề, giải phóng khỏi khuôn khổ suy nghĩ cứng nhắc và tránh được những thế bí không mong muốn...

全面介紹

Đã lưu trong:
書目詳細資料
主要作者: Philips, Charles
格式: 圖書
語言:Undetermined
出版: Thành phố Hồ Chí Minh Trẻ 2015
主題:
標簽: 添加標簽
沒有標簽, 成為第一個標記此記錄!
Thư viện lưu trữ: Trung tâm Học liệu Trường Đại học Cần Thơ
LEADER 01025nam a2200217Ia 4500
001 CTU_204485
008 210402s9999 xx 000 0 und d
020 |c 35000 
082 |a 153.42 
082 |b P558 
100 |a Philips, Charles 
245 0 |a Tư duy phá cách : 
245 0 |b 50 câu đố luyện tập não bộ giúp bạn hình thành 
245 0 |c Charles Philips ; Phạm Thu Hòa (dịch) 
260 |a Thành phố Hồ Chí Minh 
260 |b Trẻ 
260 |c 2015 
520 |a Tuyển tập 50 câu đố từ dễ đến khó giúp bạn rèn luyện tư duy phá cách, tìm ra cách thức mới để giải quyết vấn đề, giải phóng khỏi khuôn khổ suy nghĩ cứng nhắc và tránh được những thế bí không mong muốn 
650 |a Tư tưởng và tư duy,Thought and thinking,Tư duy phá cách 
904 |i Hải 
980 |a Trung tâm Học liệu Trường Đại học Cần Thơ